Statistics for All Khalid Songs

Click here to take the quiz!

General Stats

  • This quiz has been taken 3 times
  • The average score is 13 of 50

Answer Stats

Album Song % Correct
American TeenLocation
100%
American TeenAmerican Teen
100%
SuncityBetter
67%
American TeenAngels
67%
Free SpiritTalk
67%
SuncitySuncity
67%
13 Reasons Why: Season 2 (Soundtrack)lovely
67%
American Teen8teen
67%
American TeenYoung Dumb & Broke
67%
American TeenCoaster
67%
SuncitySaturday Nights
33%
Free SpiritMy Bad
33%
Free SpiritOutta My Head
33%
Free SpiritIntro
33%
FRIENDS KEEP SECRETSEastside
33%
SuncityOTW
33%
American TeenSaved
33%
Free SpiritFree Spirit
33%
SuncitySalem's Interlude
33%
Free SpiritRight Back
33%
EnergyKnow Your Worth
33%
Black Panther: The AlbumThe Ways
33%
Free SpiritSelf
33%
Free SpiritHundred
33%
Love, Simon (Original Motion Picture Soundtrack)Love Lies
33%
American TeenShot Down
33%
Free SpiritAlive
33%
Free SpiritTwenty One
0%
JaguarExperience
0%
Free SpiritHeaven
0%
Death Stranding: Timefall (Original Music from the World of Death Stranding)Trigger
0%
Single #2Up All Night
0%
Single #3Eleven
0%
Free SpiritBluffin'
0%
SingleReasons
0%
Free SpiritParadise
0%
Free SpiritDon't Pretend
0%
Free SpiritBad Luck
0%
SuncityMotion
0%
SuncityVertigo
0%
Suncity9.13
0%
Superfly (Original Motion Picture Soundtrack)This Way
0%
American TeenKeep Me
0%
American TeenTherapy
0%
American TeenWinter
0%
American TeenCold Blooded
0%
American TeenHopeless
0%
American TeenLet's Go
0%
American TeenAnother Sad Love Song
0%
Single #4Be Like That
0%

Score Distribution

Percentile by Number Answered

Percent of People with Each Score

Your Score History

You have not taken this quiz